[Event "Detroit (MI Op/5/11)"]
[Site "?"]
[Date "1992.??.??"]
[Round "?"]
[White "Laren, Philip"]
[Black "Perry, R."]
[Result "1-0"]
[WhiteElo "2215"]
[BlackElo "1980"]
[PlyCount "81"]
[EventDate "1992.??.??"]

{5/(11)} 1. d4 Nf6 2. c4 c5 3. d5 g6 4. Nc3 d6 5. Nf3 Bg7 6. Bg5 h6 7. Bf4 O-O
8. Qc2 Qa5 9. Nd2 Nh5 10. Nb3 Qd8 11. Bd2 Na6 12. a3 Nc7 13. e4 e6 14. Bd3 a6
15. O-O e5 16. Ne2 Qh4 17. g3 Qh3 18. f4 Nf6 19. Rf2 Ng4 20. Rg2 f5 21. Rf1 Bd7
22. fxe5 fxe4 23. Rxf8+ Rxf8 24. Bxe4 dxe5 25. Nxc5 Bf5 26. d6 Ne8 27. Bxf5
gxf5 28. Qd3 Nxd6 29. Qxd6 Kh7 30. Ne6 Rf7 31. N2f4 exf4 32. Nxf4 Rf6 33. Qc7
Rc6 34. Qxb7 Rxc4 35. Nxh3 Rc2 36. Nf4 Rxb2 37. Qe7 Rb1+ 38. Be1 Kg8 39. Qe8+
Kh7 40. Qg6+ Kg8 41. Re2 1-0

[Event "Flint (MEX/3)"]
[Site "?"]
[Date "1992.??.??"]
[Round "?"]
[White "Laren, Philip"]
[Black "Gabbara, Faris"]
[Result "1-0"]
[WhiteElo "2210"]
[BlackElo "2045"]
[PlyCount "81"]
[EventDate "1992.??.??"]

1. d4 Nf6 2. c4 e6 3. Nf3 b6 4. Nc3 Bb7 5. Bg5 Be7 6. Qc2 d5 7. e3 h6 8. Bxf6
Bxf6 9. cxd5 exd5 10. Rc1 c6 11. h4 Qd6 12. Bd3 Na6 13. a3 Nc7 14. O-O Ne6 15.
Qe2 O-O 16. Rfd1 Rfe8 17. Qf1 c5 18. dxc5 bxc5 19. Bb5 Red8 20. e4 Nd4 21. Nxd4
cxd4 22. Nxd5 Bxd5 23. exd5 Rab8 24. b4 Qxd5 25. Bc4 Qe4 26. g3 Qf3 27. Rd3 Qg4
28. Qg2 Rbc8 29. Qb7 Qg6 30. Rdd1 Rb8 31. Qf3 Bxh4 32. Bd3 f5 33. Bxf5 Qf6 34.
Rc6 Qe7 35. gxh4 Qxh4 36. Qg4 Qxg4+ 37. Bxg4 d3 38. Rd2 Rd4 39. Bf5 Rbd8 40.
Rc3 g6 41. Rcxd3 1-0

[Event "Detroit (MI Op/2/23)"]
[Site "?"]
[Date "1992.??.??"]
[Round "?"]
[White "Lang, Brad"]
[Black "Pence, Mark"]
[Result "0-1"]
[WhiteElo "1765"]
[BlackElo "2095"]
[PlyCount "56"]
[EventDate "1992.??.??"]

{2/(23)} 1. e4 e6 2. d4 d5 3. e5 c5 4. c3 Nc6 5. Nf3 Qc7 6. Be2 Bd7 7. O-O
O-O-O 8. a3 h6 9. b4 c4 10. a4 Be8 11. Ba3 Nb8 12. b5 Bxa3 13. Nxa3 Qe7 14.
Bxc4 dxc4 15. Nxc4 Nd7 16. Nd6+ Kb8 17. c4 f6 18. c5 fxe5 19. Nxe5 Ngf6 20. Qf3
Nd5 21. Nc6+ bxc6 22. bxc6 Nxc5 23. dxc5 Bxc6 24. Nf7 Rhf8 25. Nxd8 Qxd8 26.
Rfb1+ Ka8 27. Qg3 Nf4 28. Qe3 Qg5 0-1

[Event "Detroit (MI Op/4/29)"]
[Site "?"]
[Date "1992.??.??"]
[Round "?"]
[White "Lang, Brad"]
[Black "Brady, Lindell"]
[Result "0-1"]
[WhiteElo "1765"]
[BlackElo "1940"]
[PlyCount "92"]
[EventDate "1992.??.??"]

{4/(29)} 1. e4 e5 2. Bc4 d6 3. d3 Nf6 4. Nc3 Be7 5. Nge2 Nc6 6. a3 O-O 7. O-O
Be6 8. Bxe6 fxe6 9. f4 Qe8 10. Ng3 exf4 11. Bxf4 Qg6 12. Nce2 Nh5 13. Nxh5 Qxh5
14. Qd2 Bf6 15. Rab1 Bd4+ 16. Nxd4 Nxd4 17. Rf2 e5 18. Be3 Rxf2 19. Bxf2 Ne2+
20. Kh1 Rf8 21. Be3 b6 22. Re1 Nf4 23. Bxf4 Rxf4 24. Kg1 Qf7 25. b3 a5 26. a4
h6 27. Qe2 Kf8 28. Rf1 Rxf1+ 29. Qxf1 Qxf1+ 30. Kxf1 Kf7 31. Kf2 Kf6 32. Kf3
Kg5 33. Kg3 h5 34. h4+ Kf6 35. Kf3 g5 36. g3 c6 37. c4 gxh4 38. gxh4 Ke6 39.
Ke3 d5 40. Kd2 Kd6 41. Kc2 Kc5 42. Kc3 d4+ 43. Kc2 Kb4 44. Kb2 c5 45. Kc2 Ka3
46. b4 Kxb4 0-1

[Event "Flint (Class C/5)"]
[Site "?"]
[Date "1992.??.??"]
[Round "?"]
[White "Landon, Jason"]
[Black "Mannor, Eric"]
[Result "1-0"]
[WhiteElo "1605"]
[BlackElo "1605"]
[PlyCount "113"]
[EventDate "1992.??.??"]

1. e4 e5 2. Bc4 Nf6 3. d3 Bc5 4. Nc3 h6 5. Nf3 d6 6. h3 a6 7. Nd5 Nbd7 8. c3 c6
9. Nxf6+ Nxf6 10. b4 Ba7 11. O-O O-O 12. Re1 Be6 13. Bxe6 fxe6 14. Be3 b5 15.
a4 Qc7 16. axb5 cxb5 17. Qb3 Rfe8 18. Rxa6 Bxe3 19. Rxa8 Bxf2+ 20. Kxf2 Rxa8
21. Qxe6+ Kh8 22. Qb3 Nh5 23. g3 Rf8 24. Kg2 Qe7 25. Rf1 g5 26. Qd1 Qg7 27. Nh2
Nf4+ 28. gxf4 gxf4+ 29. Qg4 Qxg4+ 30. hxg4 Kh7 31. Nf3 Rg8 32. Rh1 Rxg4+ 33.
Kf2 Rg3 34. Rg1 Rxg1 35. Nxg1 Kg8 36. c4 bxc4 37. dxc4 Kf7 38. Nf3 h5 39. Kg2
Ke7 40. Kh3 Kd7 41. Kh4 Kc6 42. Kxh5 Kb6 43. Kg5 Kc6 44. Kf5 Kd7 45. Kf6 Kc7
46. Ke6 Kc6 47. Ke7 Kc7 48. b5 Kb6 49. Kxd6 Ka5 50. c5 Kxb5 51. c6 Kc4 52. Kxe5
Kd3 53. Kxf4 Ke2 54. c7 Kf2 55. c8=Q Kg2 56. Qg8+ Kf1 57. Qg1+ 1-0

[Event "Flint (Class C/3)"]
[Site "?"]
[Date "1992.??.??"]
[Round "?"]
[White "Landon, Jason"]
[Black "Edson, James"]
[Result "1/2-1/2"]
[WhiteElo "1605"]
[BlackElo "1605"]
[PlyCount "130"]
[EventDate "1992.??.??"]

1. e4 e5 2. Bc4 Nf6 3. d3 h6 4. Be3 b6 5. Nf3 Nc6 6. Nc3 Bb7 7. a3 a6 8. Nd5
Be7 9. c3 d6 10. b4 O-O 11. O-O Re8 12. Qb3 Rf8 13. Nxf6+ Bxf6 14. Bd5 Qe7 15.
h3 Nd8 16. Bxb7 Nxb7 17. Nh2 Nd8 18. f4 exf4 19. Bxf4 Qe6 20. Qc2 c5 21. Ng4
Nc6 22. Bxh6 Be5 23. Be3 f5 24. Nxe5 Nxe5 25. exf5 Rxf5 26. Rxf5 Qxf5 27. Qb3+
Kh8 28. d4 cxd4 29. Bxd4 b5 30. Rf1 Qd3 31. Bxe5 dxe5 32. Qd1 Qxd1 33. Rxd1 Rc8
34. Rd3 Kg8 35. Kf2 Kf7 36. Ke3 Ke6 37. g4 g5 38. Kd2 e4 39. Rd4 Ke5 40. Rd7
Ke6 41. Ra7 Rc6 42. Rg7 Kf6 43. Rg8 Rd6+ 44. Kc2 Rd3 45. Ra8 Rd6 46. Re8 Re6
47. Rf8+ Kg6 48. Kd2 Rd6+ 49. Kc2 Re6 50. Rf1 Rf6 51. Re1 Re6 52. Kb3 Kf6 53.
a4 Ke5 54. axb5 axb5 55. c4 bxc4+ 56. Kxc4 Kf4 57. Kd5 Re8 58. b5 e3 59. b6 e2
60. b7 Kf3 61. Kd6 Kf2 62. Kd7 Rb8 63. Rxe2+ Kxe2 64. Kc7 Rxb7+ 65. Kxb7 Kf3
1/2-1/2

[Event "Flint (Class B/5)"]
[Site "?"]
[Date "1992.??.??"]
[Round "?"]
[White "Labiner, Jordan"]
[Black "Mose, Greg"]
[Result "1-0"]
[WhiteElo "1655"]
[BlackElo "1615"]
[PlyCount "120"]
[EventDate "1992.??.??"]

1. e4 g6 2. d4 Bg7 3. Nc3 d6 4. Be3 Nf6 5. Be2 O-O 6. Qd2 Nbd7 7. O-O-O c5 8.
dxc5 dxc5 9. e5 Ne8 10. Bb5 Bxe5 11. Bxd7 Qa5 12. Bh6 Ng7 13. Nf3 Bxc3 14. Qxc3
Qxc3 15. bxc3 Rd8 16. Bxc8 Raxc8 17. Rxd8+ Rxd8 18. Rd1 Rxd1+ 19. Kxd1 Ne6 20.
Kd2 c4 21. Ke3 f5 22. g3 b5 23. Nd4 Nc7 24. Bg5 Nd5+ 25. Kd2 a6 26. Ne2 e5 27.
Be3 Kg7 28. Bc5 Kf6 29. Ng1 g5 30. Nf3 g4 31. Nh4 Kg5 32. Bd6 e4 33. Ng2 h5 34.
Nf4 Nb6 35. Ne6+ Kf6 36. Nc7 Nd7 37. Nxa6 Ne5 38. Bxe5+ Kxe5 39. Ke3 h4 40. Nc7
hxg3 41. hxg3 b4 42. cxb4 c3 43. a4 Kd6 44. Nb5+ Kd5 45. Na3 Ke6 46. b5 Kd7 47.
a5 Kc7 48. Nb1 Kb7 49. Nxc3 f4+ 50. Kxf4 e3 51. Kxe3 Kc7 52. f4 gxf3 53. Kxf3
Kd6 54. b6 Kc6 55. g4 Kb7 56. g5 Ka6 57. g6 Kb7 58. g7 Ka6 59. g8=Q Kxa5 60.
Ke4 Ka6 1-0

[Event "Flint (Class B/4)"]
[Site "?"]
[Date "1992.??.??"]
[Round "?"]
[White "Labiner, Jordan"]
[Black "Griffin, John"]
[Result "0-1"]
[WhiteElo "1655"]
[BlackElo "1630"]
[PlyCount "22"]
[EventDate "1992.??.??"]

1. e4 c5 2. Nf3 Nc6 3. d4 cxd4 4. Nxd4 Nf6 5. Nc3 e5 6. Nf3 Bb4 7. Bd2 O-O 8.
a3 Bxc3 9. Bxc3 Nxe4 10. Nxe5 Nxc3 11. Nxc6 Qe8+ 0-1

[Event "Flint (Class B/1)"]
[Site "?"]
[Date "1992.??.??"]
[Round "?"]
[White "Labiner, Jordan"]
[Black "Foord, Allan"]
[Result "0-1"]
[WhiteElo "1655"]
[BlackElo "1745"]
[PlyCount "60"]
[EventDate "1992.??.??"]

1. e4 c5 2. Nf3 d6 3. d4 cxd4 4. Nxd4 Nf6 5. Nc3 a6 6. Be2 e6 7. Be3 Be7 8. O-O
O-O 9. f4 Qc7 10. Qe1 Nc6 11. Qg3 Re8 12. Bf3 Rb8 13. Nxc6 bxc6 14. Rab1 Bb7
15. Qf2 c5 16. g4 d5 17. exd5 Nxd5 18. Nxd5 exd5 19. c3 Bd6 20. Qd2 c4 21. Bxd5
Rxe3 22. Bxb7 Rxb7 23. Rbd1 Rd3 24. Qe2 Bc5+ 25. Kh1 Qc6+ 26. Rf3 Rxd1+ 27.
Qxd1 Rd7 28. Qf1 Rd3 29. Kg2 Rd2+ 30. Kg3 Rxb2 0-1

[Event "Lansing (Aug)"]
[Site "?"]
[Date "1992.??.??"]
[Round "?"]
[White "LaMar, Frank"]
[Black "Thompson, Dexter"]
[Result "0-1"]
[WhiteElo "2015"]
[BlackElo "2315"]
[PlyCount "72"]
[EventDate "1992.??.??"]

1. d4 d5 2. c4 c6 3. Nc3 e6 4. Nf3 dxc4 5. e4 b5 6. Be2 Nf6 7. Bg5 Be7 8. Qc2
Bb7 9. Rd1 a6 10. O-O Nbd7 11. Bc1 O-O 12. Ng5 h6 13. Nh3 Qb6 14. g4 e5 15. Be3
exd4 16. Bxd4 Bc5 17. Bxf6 Nxf6 18. g5 hxg5 19. Nxg5 Qc7 20. Qc1 Rad8 21. Kh1
Ba7 22. f4 c5 23. Rxd8 Rxd8 24. Qe1 b4 25. Bxc4 Rd7 26. Nd5 Nxd5 27. Bxd5 Rxd5
28. exd5 Bxd5+ 29. Nf3 Qxf4 30. Qg3 Qf6 31. b3 a5 32. Kg2 a4 33. Re1 g6 34. h4
axb3 35. axb3 Kg7 36. h5 Bb8 0-1

[Event "Detroit (MI Action/3)"]
[Site "?"]
[Date "1992.??.??"]
[Round "?"]
[White "LaMar, Frank"]
[Black "Mailing, Ian"]
[Result "0-1"]
[WhiteElo "1925"]
[BlackElo "1765"]
[PlyCount "66"]
[EventDate "1992.??.??"]

1. e4 d6 2. d4 Nf6 3. Bd3 g6 4. Nc3 Bg7 5. Nge2 c5 6. d5 O-O 7. h4 a6 8. Bg5
Nbd7 9. Qd2 b5 10. Nf4 h6 11. Bxf6 Nxf6 12. h5 g5 13. Nh3 c4 14. Be2 b4 15. Na4
Qa5 16. Nxg5 Qxa4 17. Bxc4 Qa5 18. f3 Nd7 19. Rb1 Ne5 20. Bb3 Bd7 21. Nh3 Qc5
22. Nf2 Bb5 23. Ng4 Nxg4 24. fxg4 Qd4 25. Qxd4 Bxd4 26. Kd2 Rac8 27. Rh3 Bf6
28. c3 bxc3+ 29. bxc3 Bg5+ 30. Kc2 Rc5 31. a4 Be2 32. Re1 Bxg4 33. Rg3 Bxh5 0-1

[Event "Lansing (Aug)"]
[Site "?"]
[Date "1992.??.??"]
[Round "?"]
[White "LaMar, Frank"]
[Black "Koster, Ed"]
[Result "1-0"]
[WhiteElo "2015"]
[BlackElo "2150"]
[PlyCount "77"]
[EventDate "1992.??.??"]

1. e4 e5 2. Nf3 Nc6 3. Bc4 Nf6 4. d4 exd4 5. e5 Ne4 6. O-O d5 7. exd6 Nxd6 8.
Bb3 Bg4 9. Re1+ Be7 10. Qd3 Bxf3 11. Qxf3 O-O 12. a4 a5 13. Na3 Bf6 14. Bf4 Qd7
15. Rad1 Rfe8 16. Bxd6 Qxd6 17. Nb5 Qd7 18. h3 Re7 19. Rf1 Rd8 20. Rd2 Qe8 21.
Qg3 Be5 22. f4 Bf6 23. Rf3 Nb4 24. Qf2 c5 25. g4 h6 26. h4 g6 27. g5 Bg7 28. f5
gxf5 29. g6 Re1+ 30. Kg2 Nd5 31. Nc7 Ne3+ 32. Rxe3 Qxe3 33. gxf7+ Kh8 34. Ne6
Rc8 35. Bd5 b6 36. Bb7 Rb8 37. Bf3 c4 38. Nxg7 Kxg7 39. Qg3+ 1-0

[Event "Detroit (MI Action/4)"]
[Site "?"]
[Date "1992.??.??"]
[Round "?"]
[White "LaMar, Frank"]
[Black "Gilbert, J."]
[Result "1-0"]
[WhiteElo "1925"]
[BlackElo "1605"]
[PlyCount "25"]
[EventDate "1992.??.??"]

1. e4 e5 2. Nf3 Nc6 3. Bc4 Nf6 4. d4 Nxe4 5. Nxe5 Nxe5 6. dxe5 Qe7 7. O-O Qxe5
8. Re1 Bd6 9. Bxf7+ Kxf7 10. Qf3+ Ke7 11. Rxe4 Qxe4 12. Qxe4+ Kd8 13. Bg5+ 1-0

[Event "Lansing (Aug)"]
[Site "?"]
[Date "1992.??.??"]
[Round "?"]
[White "LaGuire, D."]
[Black "Vangilder, D."]
[Result "1/2-1/2"]
[WhiteElo "1605"]
[BlackElo "1605"]
[PlyCount "151"]
[EventDate "1992.??.??"]

1. Nf3 Nf6 2. g3 d5 3. Bg2 c5 4. O-O Nc6 5. d3 e5 6. Nbd2 Be7 7. Re1 O-O 8. e4
d4 9. h3 Be6 10. Nf1 Qd7 11. Ng5 h6 12. Nxe6 Qxe6 13. Nh2 Rac8 14. f4 exf4 15.
Bxf4 Ne5 16. Bxe5 Qxe5 17. Qf3 Bd6 18. Nf1 Nh5 19. Qf5 Nxg3 20. Qxe5 Bxe5 21.
Nxg3 Bxg3 22. Rf1 Rc6 23. Rf3 Be5 24. a4 c4 25. Bf1 cxd3 26. Bxd3 Rg6+ 27. Kf2
Rd8 28. Ke2 Rdd6 29. Raf1 Rg2+ 30. R1f2 Rxf2+ 31. Rxf2 Rf6 32. Rf5 Rxf5 33.
exf5 Kf8 34. Kf3 Ke7 35. Be4 b6 36. b4 Bd6 37. b5 Kf6 38. h4 Ke5 39. Bd3 Bb4
40. Be4 Be1 41. h5 Bh4 42. Bd3 Bg5 43. Be4 Kd6 44. Ke2 Kc5 45. Kd3 Be3 46. c3
Bg1 47. cxd4+ Bxd4 48. Kd2 Kd6 49. Kc2 Ke5 50. Bd3 Kf4 51. Bc4 f6 52. Kd3 Bc5
53. Bf7 Kxf5 54. Bg6+ Ke5 55. Kc4 f5 56. a5 f4 57. axb6 axb6 58. Bd3 f3 59. Bf1
Kf5 60. Kd5 Kg5 61. Ke4 f2 62. Be2 f1=Q 63. Bxf1 Kxh5 64. Kf5 g6+ 65. Kf4 Bd6+
66. Kf3 Kh4 67. Bd3 g5 68. Kg2 h5 69. Bf5 g4 70. Bd3 Kg5 71. Be2 h4 72. Bc4 Kf4
73. Bf1 Ke3 74. Kh1 Kf2 75. Bg2 h3 76. Bxh3 1/2-1/2

[Event "East Lansing (MI Am/4)"]
[Site "?"]
[Date "1992.??.??"]
[Round "?"]
[White "LaGuire, D."]
[Black "Smith, Mike A"]
[Result "1-0"]
[WhiteElo "1605"]
[BlackElo "1830"]
[PlyCount "103"]
[EventDate "1992.??.??"]

1. e4 c5 2. Nc3 d6 3. g3 Nf6 4. Bg2 Nc6 5. d3 g6 6. Nge2 Bg7 7. O-O O-O 8. h3
Bd7 9. Be3 a6 10. Qd2 Rc8 11. f4 b5 12. g4 Bxg4 13. hxg4 Nxg4 14. Nd1 e6 15.
Bf2 h5 16. c3 Bf6 17. Ne3 Nxf2 18. Rxf2 Kg7 19. f5 g5 20. Bh1 Rh8 21. Rg2 Kf8
22. fxe6 fxe6 23. Rf1 Ke8 24. d4 c4 25. Qc2 Rh6 26. Rgf2 Kd7 27. d5 Ne5 28.
dxe6+ Kxe6 29. Nd4+ Kd7 30. Ndf5 Rg6 31. Nxd6 Kxd6 32. Nd5 Be7 33. Rf5 h4 34.
Qf2 Rg8 35. Qd4 Nc6 36. Qf2 g4 37. Qf4+ Kd7 38. Nxe7 Nxe7 39. Rd1+ Ke8 40.
Rxd8+ Rxd8 41. Rd5 Nxd5 42. exd5 Kd7 43. d6 Rde8 44. Be4 Ref8 45. Bf5+ Kc6 46.
d7 h3 47. Qe4+ Kc7 48. Qe5+ Kc6 49. Qe6+ Kc5 50. Qe4 Rd8 51. Bxg4 h2+ 52. Kxh2
1-0

[Event "Lansing (Aug)"]
[Site "?"]
[Date "1992.??.??"]
[Round "?"]
[White "LaGuire, D."]
[Black "Rostrom, Richard"]
[Result "1/2-1/2"]
[WhiteElo "1605"]
[BlackElo "1650"]
[PlyCount "88"]
[EventDate "1992.??.??"]

1. e4 c5 2. Nc3 g6 3. g3 Bg7 4. Bg2 d6 5. Nge2 Nd7 6. O-O Ngf6 7. d3 O-O 8. f4
Rb8 9. Be3 b5 10. Qd2 Ng4 11. h3 Nxe3 12. Qxe3 Nb6 13. Kh2 a6 14. f5 b4 15. Nd1
Bb7 16. c3 a5 17. cxb4 axb4 18. Rc1 Nd7 19. d4 Ba6 20. dxc5 Nxc5 21. Rc2 b3 22.
axb3 Rxb3 23. Ndc3 Bb7 24. Nd4 Rb4 25. Rcf2 Bxd4 26. Qh6 Bxf2 27. Rxf2 Nxe4 28.
Rf4 Rxb2 29. Nxe4 Bxe4 30. Rxe4 f6 31. fxg6 Rf7 32. gxf7+ Kxf7 33. Qxh7+ Ke8
34. Qg8+ Kd7 35. Qe6+ Ke8 36. Rh4 Rxg2+ 37. Kxg2 Qa8+ 38. Re4 Qb7 39. Kf2 Qb2+
40. Kf3 Qc3+ 41. Kg4 Qc7 42. Kh5 Qc5+ 43. Kh6 Qg5+ 44. Kh7 Qh5+ 1/2-1/2

[Event "East Lansing (MI Am/2)"]
[Site "?"]
[Date "1992.??.??"]
[Round "?"]
[White "LaGuire, D."]
[Black "June, Brian"]
[Result "0-1"]
[WhiteElo "1605"]
[BlackElo "1785"]
[PlyCount "68"]
[EventDate "1992.??.??"]

1. e4 c5 2. Nc3 Nc6 3. g3 e6 4. Bg2 Nf6 5. d3 Be7 6. f4 d6 7. Nge2 Rb8 8. Be3
Bd7 9. h3 b5 10. Qd2 b4 11. Nd1 Qa5 12. b3 Nh5 13. O-O Bf6 14. c3 bxc3 15.
Ndxc3 Nxg3 16. Nxg3 Bxc3 17. Qe2 Bxa1 18. Qg4 Qxa2 19. Nh5 g6 20. e5 gxh5 21.
Qg7 Rf8 22. Qg5 dxe5 23. f5 Bd4 24. Bxd4 Nxd4 25. fxe6 Nxe6 26. Qxe5 Qxb3 27.
Kh1 Qb2 28. Qg3 Rb6 29. Re1 Qf6 30. Qc7 Rg8 31. Qxa7 Rxg2 32. Qa8+ Ke7 33. Rg1
Bc6 34. Qa7+ Rb7 0-1

[Event "Lansing (Apr)"]
[Site "?"]
[Date "1992.??.??"]
[Round "?"]
[White "LaGuire, D."]
[Black "Ingles, Darrell"]
[Result "1-0"]
[WhiteElo "1605"]
[BlackElo "1605"]
[PlyCount "123"]
[EventDate "1992.??.??"]

1. Nf3 d5 2. c4 dxc4 3. Na3 Nc6 4. Nxc4 Nf6 5. g3 Bg4 6. Bg2 e6 7. O-O Bc5 8.
b3 b5 9. Nce5 Nxe5 10. Nxe5 O-O 11. Bxa8 Qxa8 12. Nxg4 Nxg4 13. d4 Rd8 14. e3
Nf6 15. f3 Qd5 16. Qe2 Bb6 17. Bb2 Qh5 18. Rf2 c6 19. Rc1 Rc8 20. Ba3 a6 21.
Bc5 Bd8 22. a4 Qg5 23. Bd6 Qd5 24. Be5 Qxb3 25. Bxf6 Bxf6 26. axb5 axb5 27. f4
h6 28. Qf3 Qa3 29. Rfc2 c5 30. Rxc5 Rxc5 31. Rxc5 b4 32. Rc8+ Kh7 33. Qe4+ g6
34. Rc7 Qa1+ 35. Kf2 b3 36. Rxf7+ Bg7 37. Rb7 Qa2+ 38. Kf3 b2 39. Qe5 Qd5+ 40.
Qxd5 exd5 41. Rxb2 Kg8 42. Rb5 Kf7 43. Rxd5 Ke6 44. Ra5 Bf8 45. Ra6+ Kf7 46. e4
Bb4 47. d5 Bc3 48. e5 h5 49. h4 Bb4 50. Ra7+ Kf8 51. d6 Bc5 52. Rc7 Bb4 53.
Rc8+ Kf7 54. g4 hxg4+ 55. Kxg4 Be1 56. h5 gxh5+ 57. Kxh5 Bd2 58. f5 Bh6 59. e6+
Kg7 60. Rc7+ Kf8 61. Kxh6 Ke8 62. Rc8# 1-0

[Event "Lansing (Apr)"]
[Site "?"]
[Date "1992.??.??"]
[Round "?"]
[White "LaGuire, D."]
[Black "Bacon, K."]
[Result "1-0"]
[WhiteElo "1605"]
[BlackElo "1605"]
[PlyCount "55"]
[EventDate "1992.??.??"]

1. e4 c5 2. Nc3 d6 3. g3 a6 4. Bg2 Nc6 5. d3 e6 6. Be3 Be7 7. Qd2 h6 8. Nge2
Qc7 9. O-O Bd7 10. f4 O-O-O 11. f5 Nf6 12. h3 g5 13. fxg6 fxg6 14. Bxh6 Rdg8
15. Bg5 Ne5 16. Bxf6 Bxf6 17. Rxf6 Qd8 18. Raf1 Rf8 19. Rxf8 Rxf8 20. Rxf8 Qxf8
21. Qe3 Bc6 22. b3 Kc7 23. d4 Nd7 24. d5 exd5 25. exd5 Bb5 26. Nxb5+ axb5 27.
Nf4 Ne5 28. Ne6+ 1-0

[Event "Flint (MI Senior/2)"]
[Site "?"]
[Date "1992.??.??"]
[Round "?"]
[White "LaForge, Tom"]
[Black "Griffin, John"]
[Result "1-0"]
[WhiteElo "2085"]
[BlackElo "1615"]
[PlyCount "75"]
[EventDate "1992.??.??"]

1. e4 c5 2. Nf3 Nc6 3. d4 cxd4 4. Nxd4 Nf6 5. Nc3 e5 6. Ndb5 d6 7. Bg5 a6 8.
Na3 b5 9. Nd5 Be7 10. Bxf6 gxf6 11. c3 f5 12. exf5 Bxf5 13. Qf3 Be6 14. Bd3 h6
15. O-O Rg8 16. Kh1 Bg4 17. Nf6+ Bxf6 18. Qxc6+ Ke7 19. Rae1 Bd7 20. Qe4 Rg4
21. Qe2 Rg7 22. Nc2 Kf8 23. Be4 Ra7 24. Qe3 Rc7 25. Qxh6 Bg5 26. Qxd6+ Kg8 27.
Ne3 Bf4 28. g3 Bxe3 29. Rxe3 Qc8 30. Rd1 Rg4 31. f3 Rxe4 32. Rxe4 Kg7 33. Qxe5+
f6 34. Qe7+ Kg6 35. Rxd7 Rxd7 36. Rg4+ Kh6 37. Qxf6+ Kh7 38. Rh4+ 1-0

[Event "Flint (MI Senior/4)"]
[Site "?"]
[Date "1992.??.??"]
[Round "?"]
[White "LaForge, Tom"]
[Black "Duncan, Robert"]
[Result "1-0"]
[WhiteElo "2085"]
[BlackElo "1605"]
[PlyCount "80"]
[EventDate "1992.??.??"]

1. e4 Nf6 2. e5 Nd5 3. d4 d6 4. Nf3 Bg4 5. c4 Nb6 6. exd6 exd6 7. Be2 Be7 8. h3
Bh5 9. O-O O-O 10. Nc3 c6 11. b3 N6d7 12. Bb2 Nf6 13. d5 c5 14. Qc2 Bg6 15. Bd3
Bxd3 16. Qxd3 h6 17. Rfe1 Re8 18. Re3 Bf8 19. Ne4 Nxe4 20. Rxe4 Rxe4 21. Qxe4
Nd7 22. Qf4 Be7 23. Re1 Bf6 24. Bxf6 Nxf6 25. Nh4 Nh5 26. Qg4 Qg5 27. Qxg5 hxg5
28. Nf3 g4 29. hxg4 Nf6 30. g5 Ne8 31. Re7 Rb8 32. Nd2 Kf8 33. Rd7 Kg8 34. Kf1
Kf8 35. Ke2 f5 36. g6 Kg8 37. Kf3 Nf6 38. Rxd6 Kf8 39. Kf4 Re8 40. Re6 Rxe6 1-0

[Event "Jackson (Prison m)"]
[Site "?"]
[Date "1992.??.??"]
[Round "?"]
[White "L, Chi"]
[Black "Smith, Michael R"]
[Result "0-1"]
[WhiteElo "1605"]
[BlackElo "2020"]
[PlyCount "63"]
[EventDate "1992.??.??"]

1. d4 Nf6 2. c4 e6 3. a3 b6 4. Nc3 Bb7 5. e3 Be7 6. Qc2 d5 7. Nf3 O-O 8. b4
dxc4 9. Bxc4 Nbd7 10. e4 c5 11. dxc5 bxc5 12. b5 Nb6 13. Be2 Qc7 14. O-O Rfd8
15. h3 Nbd7 16. Nh2 Ne5 17. f4 Ned7 18. Be3 Rac8 19. g4 Nb6 20. g5 Nfd7 21. a4
Nf8 22. a5 Nbd7 23. Bc4 Ng6 24. Qf2 Bd6 25. h4 e5 26. f5 Nf4 27. Qf3 Nf8 28. h5
g6 29. hxg6 hxg6 30. f6 N8e6 31. Qg4 Bf8 32. Nf3 0-1

[Event "Detroit (MOR/1a/57)"]
[Site "?"]
[Date "1992.??.??"]
[Round "?"]
[White "Kyser, Bob"]
[Black "White, B."]
[Result "1-0"]
[WhiteElo "1605"]
[BlackElo "1605"]
[PlyCount "63"]
[EventDate "1992.??.??"]

1. e4 e5 2. Nf3 Nf6 3. Bc4 c6 4. Bxf7+ Kxf7 5. Nxe5+ Ke8 6. Nc3 Bc5 7. d4 Bb6
8. O-O d6 9. Nc4 Bg4 10. f3 Bh5 11. Bg5 h6 12. Bf4 d5 13. Nd6+ Kf8 14. e5 Ne8
15. Qd3 Nxd6 16. exd6 Nd7 17. Rae1 Qf6 18. Ne2 Bg6 19. Qd2 Re8 20. c3 Qf5 21.
Ng3 Qd3 22. Rxe8+ Kxe8 23. Re1+ Kf8 24. Qxd3 Bxd3 25. Re7 Nf6 26. Rxb7 Kg8 27.
Be5 Bd8 28. Rxa7 Kh7 29. Bxf6 Bxf6 30. Nh5 Kg6 31. Nf4+ Kf5 32. Nxd3 1-0

[Event "Detroit (MOR/5/98)"]
[Site "?"]
[Date "1992.??.??"]
[Round "?"]
[White "Kyser, Bob"]
[Black "Gaiefsky, S."]
[Result "1-0"]
[WhiteElo "1605"]
[BlackElo "1605"]
[PlyCount "119"]
[EventDate "1992.??.??"]

{5/(98)} 1. e4 c5 2. Bc4 e6 3. Nc3 Ne7 4. Nf3 g6 5. Ng5 Bg7 6. Nxf7 Kxf7 7.
Qf3+ Ke8 8. d3 Rf8 9. Qe2 Nbc6 10. Be3 b6 11. O-O h5 12. Nb5 Be5 13. f4 a6 14.
fxe5 axb5 15. Rxf8+ Kxf8 16. Rf1+ Ke8 17. Bh6 Nf5 18. exf5 exf5 19. Bd5 Nd4 20.
Qd2 Ra7 21. Bg7 Qe7 22. Qh6 d6 23. Bf6 Qh7 24. Qxh7 Rxh7 25. exd6 Kd7 26. Be7
Nxc2 27. Rc1 Nb4 28. Bf3 Nxd3 29. Rc2 Ne1 30. Rc3 Nxf3+ 31. Rxf3 Rh8 32. h4 Rg8
33. Kf2 Kc6 34. Rf4 Be6 35. a3 Ra8 36. Rf3 Ra4 37. g3 Bd7 38. Rf4 c4 39. Rf3 b4
40. Ke2 bxa3 41. bxa3 b5 42. Rc3 Kc5 43. Ke3 b4 44. axb4+ Rxb4 45. Bf6 Be6 46.
Be7 Kd5 47. d7 Bxd7 48. Bxb4 Be6 49. Kf4 Kd4 50. Re3 Bd5 51. Bc3+ Kc5 52. Kg5
Be4 53. Kxg6 Kd5 54. Kxh5 Ke6 55. Kg6 Kd5 56. h5 f4+ 57. Rxe4 Kxe4 58. gxf4
Kxf4 59. h6 Ke4 60. h7 1-0

[Event "Flint (Class A/2)"]
[Site "?"]
[Date "1992.??.??"]
[Round "?"]
[White "Kung, Fred"]
[Black "Smith, Ed"]
[Result "1-0"]
[WhiteElo "1800"]
[BlackElo "1890"]
[PlyCount "41"]
[EventDate "1992.??.??"]

1. e4 e5 2. Nf3 Nf6 3. Nxe5 d6 4. Nf3 Nxe4 5. d4 d5 6. Bd3 Be7 7. O-O Bg4 8. c4
Nf6 9. b3 O-O 10. Bb2 c6 11. Nbd2 Nbd7 12. Qc2 h6 13. Ne5 Be6 14. Rae1 Nxe5 15.
dxe5 Ne8 16. f4 dxc4 17. bxc4 Bc5+ 18. Kh1 Bd4 19. f5 Bxb2 20. fxe6 fxe6 21.
Bh7+ 1-0

[Event "Ann Arbor (HVA/3/1)"]
[Site "?"]
[Date "1992.??.??"]
[Round "?"]
[White "Kung, Fred"]
[Black "Skidmore, Mike"]
[Result "0-1"]
[WhiteElo "1855"]
[BlackElo "1900"]
[PlyCount "58"]
[EventDate "1992.??.??"]

{3/(1)} 1. e4 c5 2. Nf3 a6 3. d4 cxd4 4. Nxd4 Nc6 5. c4 e6 6. Nc3 Be7 7. Be2
Nf6 8. O-O O-O 9. Kh1 Bc5 10. Nxc6 bxc6 11. e5 Ne8 12. Ne4 Be7 13. c5 f5 14.
Nd6 Nc7 15. Bc4 a5 16. g4 Bxd6 17. exd6 Nd5 18. gxf5 Rxf5 19. Bd3 Rf7 20. Qc2
Qh4 21. a3 Ba6 22. Bxa6 Rxa6 23. Be3 Ra8 24. Rae1 Raf8 25. Qe2 Rf3 26. Rg1 Nxe3
27. fxe3 Rf2 28. Rg2 Rxe2 29. Rgxe2 Rf2 0-1

[Event "Ann Arbor (HVA/1/10)"]
[Site "?"]
[Date "1992.??.??"]
[Round "?"]
[White "Kung, Fred"]
[Black "Rosebrook, G."]
[Result "1-0"]
[WhiteElo "1855"]
[BlackElo "1605"]
[PlyCount "65"]
[EventDate "1992.??.??"]

{1/(10)} 1. e4 c5 2. Nf3 Nf6 3. Nc3 e6 4. d4 cxd4 5. Nxd4 Nc6 6. Ndb5 a6 7.
Nd6+ Bxd6 8. Qxd6 Qa5 9. Bd2 Qe5 10. Qxe5 Nxe5 11. f4 Nc6 12. e5 Ng8 13. Ne4
Nge7 14. Nd6+ Kf8 15. Bd3 g6 16. g4 Rb8 17. O-O-O b5 18. Rde1 a5 19. Bxb5 Nd4
20. Bc4 a4 21. f5 Nf3 22. Bh6+ Kg8 23. Ne8 f6 24. fxg6 hxg6 25. Nxf6+ Kf7 26.
Ref1 Bb7 27. Be2 g5 28. Bxf3 Bxf3 29. Rxf3 Kg6 30. Bxg5 Kxg5 31. h4+ Kg6 32.
Rhf1 Rb5 33. Nxd7 1-0

[Event "Flint (Class A/4)"]
[Site "?"]
[Date "1992.??.??"]
[Round "?"]
[White "Kung, Fred"]
[Black "Drkulec, Vladimir"]
[Result "0-1"]
[WhiteElo "1800"]
[BlackElo "1875"]
[PlyCount "90"]
[EventDate "1992.??.??"]

1. e4 e5 2. Nf3 Nc6 3. Bb5 a6 4. Ba4 Nf6 5. d4 Nxe4 6. Qe2 b5 7. d5 Nc5 8. dxc6
Nxa4 9. cxd7+ Qxd7 10. Qxe5+ Qe6 11. b3 Nb6 12. Bb2 f6 13. Qxe6+ Bxe6 14. O-O
Kf7 15. Nd4 Bd5 16. Nc3 Bb7 17. Rad1 Rd8 18. Rfe1 Bd6 19. Nf5 Be5 20. Ba1 Rxd1
21. Rxd1 Re8 22. Ne3 c5 23. Ne2 Bb8 24. h3 Nd5 25. Rd3 c4 26. bxc4 bxc4 27. Ra3
Bd6 28. Ra4 Nxe3 29. fxe3 Rxe3 30. Kf2 Bc5 31. Bd4 Rxe2+ 32. Kxe2 Bxd4 33. Rxc4
Be5 34. Kf2 Ke6 35. Rb4 Bc8 36. Ke3 Kd5 37. g4 Kc5 38. Rb3 a5 39. Kd3 Ba6+ 40.
Ke4 Bc4 41. Ke3 Bxb3 42. axb3 Bc3 43. Kd3 Kb4 44. Ke2 g6 45. Kd1 f5 0-1